=LDR 00000nam 2200000 4500 =001 INLIS000000000031110 =005 20130612133212 =008 ***********************************ind** =035 ##$$0010-061300000031110 =041 ##$$a ind =082 ##$$a 650.1 =090 ##$$a 650.1, Kar l =100 ##$$a Kartono,Salim =245 ##$$a Lima jurus sukses berbisnis retail di modern market, Salim Kartono; penyunting, Fani Andriani Kiswara =260 ##$$a 2007 $b Jakarta =300 ##$$a xi,161 hlm, ilus, 23 cm =650 ##$$a Sukses dalam Bisnis =700 ##$$a Koswara, Rani Andriani =850 ##$$a NBPNMAT